000 01530cam a22002655a 4500
001 L159130
008 130926s2016 xxk f 000 0 eng d
035 _a(Sirsi) u159130
041 0 _aeng
050 0 4 _a690.0285 $2 18
110 2 _aJoint Contracts Tribunal
_93664
245 0 0 _aBuilding Information Modelling (BIM), Collaborative and Integrated Team Working
_h[electronic resource]
260 _aLondon
_bSweet & Maxwell
_c2016
520 _aIntended as a guide to assist practitioners in gaining a greater understanding of BIM and provides information on the integration of BIM and collaborative working within the contract process. The practice note includes an overview of BIM ? highlighting standard definitions, an explanation of the different BIM levels, and a summary of mechanisms and industry standards (in particular the concepts and acronyms associated with BIM in the PAS 1192-2 document). It also includes an overview of BIM protocols and how a BIM protocol can support the main contract document in respect of achieving BIM level 2. A bibliography and references to various sources provides a comprehensive reference tool for those adopting BIM on their projects.
521 _aKA
650 2 4 _aJCT
650 2 4 _aBS 1192
650 2 4 _aPAS 1192
650 2 4 _aCOLLABORATIVE BIM
650 2 4 _aTEAMWORKING
651 4 _aENGLAND AND WALES
690 _aBIM
_96219
856 4 0 _uhttps://www.jctltd.co.uk/bim.aspx
_zView this item free of charge (registration required) at www.jctltd.co.uk
942 _n0
999 _c115690
_d115690